A Business planning : manual : (Record no. 23958)
[ view plain ]
| 000 -LEADER | |
|---|---|
| fixed length control field | 00667nam a2200229 a 4500 |
| 005 - DATE AND TIME OF LATEST TRANSACTION | |
| control field | 20140310183502.0 |
| 008 - FIXED-LENGTH DATA ELEMENTS--GENERAL INFORMATION | |
| fixed length control field | 100920s19uu xx 00 eng d |
| 020 ## - INTERNATIONAL STANDARD BOOK NUMBER | |
| International Standard Book Number | 9716070160 |
| 050 ## - LIBRARY OF CONGRESS CALL NUMBER | |
| Classification number | HD 62.7 |
| Item number | .C993 2009 |
| 100 ## - MAIN ENTRY--PERSONAL NAME | |
| Personal name | Cuyugan, Jorge H. |
| 245 ## - TITLE STATEMENT | |
| Title | A Business planning : manual : |
| Remainder of title | a project feasibility study guidebook for Filipino Students..entrepreneurs. |
| 260 ## - PUBLICATION, DISTRIBUTION, ETC. (IMPRINT) | |
| Place of publication, distribution, etc | San Fernando, Pampanga : |
| Name of publisher, distributor, etc | Bright Concepts Printing House, |
| Date of publication, distribution, etc | 2009. |
| 300 ## - PHYSICAL DESCRIPTION | |
| Extent | 171 p. : |
| Other physical details | ill. ; |
| Dimensions | 22 cm. |
| 521 ## - TARGET AUDIENCE NOTE | |
| Target audience note | |
| 650 ## - SUBJECT ADDED ENTRY--TOPICAL TERM | |
| Topical term or geographic name as entry element | Business |
| 942 ## - ADDED ENTRY ELEMENTS (KOHA) | |
| Koha item type | Books |
| Source of classification or shelving scheme | Library of Congress Classification |
| Call number prefix | Local |
| Withdrawn status | Lost status | Source of classification or shelving scheme | Damaged status | Home library | Current library | Shelving location | Date acquired | Total Checkouts | Full call number | Barcode | Date last seen | Date checked out | Copy number | Price effective from | Koha item type | Total Renewals |
|---|---|---|---|---|---|---|---|---|---|---|---|---|---|---|---|---|
| Library of Congress Classification | College Library | College Library | General Circulation Section | 09/20/2010 | 1 | HD 62.7 .C993 2009 | C11245 | 05/15/2018 | 07/13/2016 | 1 | 10/18/2013 | Books | ||||
| Library of Congress Classification | College Library | College Library | General Circulation Section | 12/05/2013 | HD 62.7 .C993 2005 | C6674 | 05/15/2018 | 2 | 12/05/2013 | Books | ||||||
| Library of Congress Classification | College Library | College Library | General Circulation Section | 12/05/2013 | 1 | HD 62.7 .C993 2005 | C9548 | 05/15/2018 | 05/12/2016 | 3 | 12/05/2013 | Books | 1 | |||
| Library of Congress Classification | College Library | College Library | General Circulation Section | 12/05/2013 | 1 | HD 62.7 .C993 2005 | C9549 | 05/15/2018 | 11/06/2015 | 4 | 12/05/2013 | Books | 19 | |||
| Library of Congress Classification | College Library | College Library | General Circulation Section | 12/05/2013 | HD 62.7 .C993 2005 | C6664 | 05/15/2018 | 5 | 12/05/2013 | Books |